| 000 | 00802nam a2200265 u 4500 | ||
|---|---|---|---|
| 001 | 000061161 | ||
| 005 | 20200120223922.0 | ||
| 008 | 140701s2003 sp a g|| 000 0 spa d | ||
| 020 | _a8449425158 (Obra completa) | ||
| 020 | _a8449425166 (V.1) | ||
| 040 | _aBOAP | ||
| 041 | _aAspa | ||
| 043 | _asp | ||
| 082 | 0 | 4 |
_a618.92 _bA72 _221 |
| 245 | 0 | 0 |
_aAtención primaria en pediatría / _cAlice D., Ackerman... [et al.]. |
| 260 |
_aBarcelona : _bOcéano, _c2003 _a4a. ed. |
||
| 300 |
_a4 v : _bil.,byn ; _c28 cm. |
||
| 500 | _aIncluye índice | ||
| 504 | _aIncluye bibliografía | ||
| 650 | 1 | 7 |
_aPediatría _2LEMB |
| 650 | 2 | 7 |
_aEnfermedades infantiles _2LEMB |
| 650 | 2 | 7 |
_aNiños _xAtención médica _2LEMB |
| 650 | 2 | 7 |
_aUrgencias pediátricas. _2LEMB |
| 650 | 2 | 7 |
_aAsistencia primaria pediátrica. _2LEMB |
| 999 |
_c7543 _d7543 |
||